000 00985nam a2200217 a 4500
001 000000368
003 OSt
005 20250612131847.0
008 081127s2006 dr a 000 0 spa d
040 _aDO-SdBNP
_bspa
_cBNPHU
082 _a338.91
_bN124m
110 2 _aPrograma de las Naciones Unidas para el Desarrollo
_9187
245 1 0 _aMarco de asistencia de las Naciones Unidas para el Desarrollo :
_bRepública Dominicana 2007-2011.
260 _aSanto Domingo :
_bUNDAF,
_c2006.
300 _a49 p. :
_bil. ;
_c28 cm.
505 2 _tPreámbulo --
_tIntroducción --
_tÁreas de cooperación --
_tMecanismo de coordinación y de implementación --
_tPapel de los socios --
_tVentajas comparativas del Sistema de las Naciones Unidas --
_tMonitoreo y evaluación --
_tMatrices.
650 0 _aCooperación internacional
_91240
650 7 _aSalud pública
_zRepública Dominicana
_y2007-2011
_988089
650 7 _aPolítica de salud
_zRepública Dominicana
_y2007-2011
_988090
942 _2ddc
_cLBS1
999 _c367
_d367